Southville International School and Colleges
Your cart is empty.
  • Cart
  • Lists
    Public lists Eva Luna New books Lux_list list_1
    Your lists Log in to create your own lists
  • Log in to your account
  • Your cookies
  • Search history
Southville International School and Colleges
  • Advanced search
  • Recent comments
  • Most popular
  • Libraries

Log in to your account

Log in with GOOGLE


If you do not have an external account, but do have a local account, you can still log in:

  1. Home
  2. MARC view: Where on earth :
Normal view MARC view ISBD view

Where on earth : (Record no. 344759)

[ view plain ]
MARC details
000 -LEADER
fixed length control field 00790nam a2200301Ia 4500
008 - FIXED-LENGTH DATA ELEMENTS--GENERAL INFORMATION
fixed length control field 171025s9999 xx 000 0 und d
020 ## - INTERNATIONAL STANDARD BOOK NUMBER
International Standard Book Number 930588924
050 ## - LIBRARY OF CONGRESS CALL NUMBER
Classification number 635.02
050 ## - LIBRARY OF CONGRESS CALL NUMBER
Item number S844 1997
100 ## - MAIN ENTRY--PERSONAL NAME
Personal name Stevens, Barbara
245 ## - TITLE STATEMENT
Title Where on earth :
245 ## - TITLE STATEMENT
Remainder of title a guide to specialty nurseries /
245 ## - TITLE STATEMENT
Statement of responsibility, etc by Barbara Stevens.
250 ## - EDITION STATEMENT
Edition statement Third edition
260 ## - PUBLICATION, DISTRIBUTION, ETC. (IMPRINT)
Place of publication, distribution, etc Berkeley, California :
260 ## - PUBLICATION, DISTRIBUTION, ETC. (IMPRINT)
Name of publisher, distributor, etc Heyday,
260 ## - PUBLICATION, DISTRIBUTION, ETC. (IMPRINT)
Date of publication, distribution, etc 1997
300 ## - PHYSICAL DESCRIPTION
Extent 389 pages :
300 ## - PHYSICAL DESCRIPTION
Other physical details illustrations ;
300 ## - PHYSICAL DESCRIPTION
Dimensions 20cm.
650 ## - SUBJECT ADDED ENTRY--TOPICAL TERM
Topical term or geographic name as entry element Gardens --
650 ## - SUBJECT ADDED ENTRY--TOPICAL TERM
Topical term or geographic name as entry element Nurseries --
650 ## - SUBJECT ADDED ENTRY--TOPICAL TERM
Topical term or geographic name as entry element Ornamental plant industry --
650 ## - SUBJECT ADDED ENTRY--TOPICAL TERM
General subdivision California -- Directories.
650 ## - SUBJECT ADDED ENTRY--TOPICAL TERM
General subdivision California -- Directories.
650 ## - SUBJECT ADDED ENTRY--TOPICAL TERM
General subdivision California -- Directories.
700 ## - ADDED ENTRY--PERSONAL NAME
Personal name Title.
Holdings
Withdrawn status Lost status Damaged status Home library Current library Date acquired Total Checkouts Full call number Barcode Date last seen Price effective from Koha item type
      Stonyhurst Southville International School (Malarayat) Stonyhurst Southville International School (Malarayat) 10/25/2017   NF 635.02 S844 1997 SSISM3812 10/25/2017 10/25/2017 Books

Where on earth :

APA

Stevens B., Title, .Where on earth. Berkeley, California: .

Chicago

Stevens Barbara, Title, .Where on earth. Berkeley, California: .

Harvard

Stevens B., Title, .Where on earth. Berkeley, California: .

MLA

Stevens Barbara, Title, .Berkeley, California: . .

  • Place hold
  • Print
  • Cite
  • Add to your cart (remove)
  • Save record
    BIBTEX Dublin Core MARCXML MARC (non-Unicode/MARC-8) MARC (Unicode/UTF-8) MARC (Unicode/UTF-8, Standard) MODS (XML) RIS
  • More searches
    Search for this title in:
    Other Libraries (WorldCat) Other Databases (Google Scholar) Online Stores (Bookfinder.com) Open Library (openlibrary.org)

Exporting to Dublin Core...

SOUTHVILLE LIBRARY

Southville International School and Colleges Library

1281 Tropical Ave. Cor. Luxembourg St., BF Homes International, Las Pinas City

Tel. No. 8256374 / 252358 Loc. 117/146

Powered by Koha